000 00291nam a22001337a 4500
008 170331b xxu||||| |||| 00| 0 eng d
020 _a9780132414586
041 _aeng
080 _a616-053.2
100 _a8
101 _aSHM
245 _aCHILDREN DEVELOPMENT
_cKAIL.R.V
942 _2udc
_cBK
999 _c9272
_d9272